000 00663nam a2200217Ia 4500
003 GCL
008 140319s9999 xx 000 0 eng d
040 _aGCL /
_cGCL
082 0 4 _a759.05
_bC T
100 1 _aNATIONAL GALLECY OF ART
245 1 0 _aTREASARURES OF IMPRESSI OMSM AND POST IMPRESSION NATIONAL GALLERY OF ART /
_cNATIONAL GALLECY OF ART
700 1 _aIMPRESSIONOMIOM ART
700 1 _aPOST IMPRESSIONISM
700 1 _aCOMAN,FLAREVCE E
260 _a[S.N] :
_bABBEVILLE PRESS PUBLISHERS
650 0 4 _aIMPRESSIONISM ART
650 0 4 _aNATIONAL GALLERY OF ART
650 0 4 _aPOST - IMPRESSIONISM
650 0 4 _aCOMAN, FLARENCE E
942 _2ddc
_cBK
999 _c12345
_d12345